000 00753nam a22002177a 4500
003 BD-DhUL
005 20201108122721.0
008 201028s2020 bg ||||| |||| 00| 0 ben d
020 _a9789845052184
040 _aBD-DhUL
_cBD-DhUL
082 _a891.443
_bULT
100 1 _aউল্লাহ্, আহমেদ।
245 0 0 _aতুলসী ঘাটের বৃত্তান্ত /
_cআহমেদ উল্লাহ্
260 _aঢাকা :
_bবেহুলা বাংলা,
_c২০২০
300 _a৮০ পৃ. ;
_c২২ সেমি.
365 _aBDT
_b250.00
490 0 _a"৭১ উপন্যাস"
650 4 _aবাংলা উপন্যাস
650 4 _aBengali fiction
942 _2ddc
_cBK
999 _c252141
_d252141